|
|
|
|
| LEADER |
00000nam#a22000001a#4500 |
| 001 |
00001991 |
| 003 |
AR-BaUAD |
| 005 |
20230908135950.0 |
| 008 |
930908s1947####ag#||||##||||||||#||spa|d |
| 040 |
|
|
|a AR-BaUAD
|b spa
|c AR-BaUAD
|
| 041 |
|
|
|a spa
|
| 044 |
|
|
|c ar
|2 ISO3166-1
|
| 110 |
2 |
|
|a Puerto Rico
|
| 240 |
|
|
|a Leyes y decretos
|
| 245 |
1 |
0 |
|a Edición revisada de la Ley de planificación, urbanización y zonificación de Puerto Rico, según enmendada por las Leyes No155 aprobada en 14 de mayo de 1943; No429 aprobada en 23 de abril de 1946; No464 aprobada en 14 de mayo de 1947; y No475 aprobada en 15 de mayo de 1947
|
| 260 |
|
|
|a [S.l.] :
|b [s.n.],
|c 1947
|
| 300 |
|
|
|a 19 p.
|
| 653 |
|
|
|a URBANISMO
|
| 653 |
|
|
|a PLANIFICACION URBANA
|
| 653 |
|
|
|a ZONIFICACION
|
| 653 |
|
|
|a LEGISLACION
|
| 653 |
|
|
|a PUERTO RICO
|
| 655 |
|
|
|a TEXTO
|
| 852 |
|
|
|c 179-5
|
| 952 |
|
|
|0 0
|1 0
|4 0
|6 1795
|7 0
|9 3638
|a AR-BaUAD
|b AR-BaUAD
|d 0000-00-00
|e donac. Deleg. Facul.
|g 1.00
|i 1991. Transfer. del ISU
|l 0
|o 179-5
|p 68vou1991. Transfer.
|r 2023-09-08 13:59:50
|w 2023-09-08
|y BK
|
| 990 |
|
|
|a Ej. No1 : 1991. Transfer. del ISU . 1/8/1948 -- donac. Deleg. Facul. -- (1 pesos).
|b ADM
|
| 990 |
|
|
|a U194
|b TD
|
| 990 |
|
|
|a 1940
|b AC
|
| 990 |
|
|
|a AAQ00001991
|b CC
|
| 998 |
|
|
|a AAQ
|b Bibun 76
|
| 942 |
|
|
|c BK
|
| 999 |
|
|
|c 1623
|d 1623
|